000 00652nam a2200241Ia 4500
003 OSt
005 20221005090411.0
006 a|||||r|||| 00| 0
007 ta
008 221004b |||||||| |||| 00| 0 eng d
024 _a19809
037 _bGift, 24/06/2015,
_cTextual
040 _aCRL
_cCRL
_beng
041 _2eng
_aeng
082 _aR851, K2
100 _aBurnet John
245 0 _aGreek philosophy
_b Thales to Plato
260 _aNew York
_bMacmillan & Co. U.S.A
_c1962
300 _ax, 359p.
_ccm.
650 _aPHILOSOPHY
942 _hR851, K2
_cTEXL
_2cc
999 _c995744
_d995744